000 00281nam a22001097a 4500
082 _a657
_bGUP/A
100 _aNEESHA GUPTA
245 _aANALYSIS OF FINANCIAL STATEMENTS
_bCLASS XII
260 _aDELHI
_bDHANPAT RAI & CO
_c2014
650 _aACCOUNTANCY FOR CLASS XII
_zINDIA
942 _cBK
999 _c626
_d626